Statistics for Mongolia First Level Subdivisions

Click here to take the quiz!

General Stats

  • This quiz has been taken 72 times
  • The average score is 10 of 22

Answer Stats

Aimags% Correct
Ulaanbaatar
100%
Uvs
67%
Govi-Altai
60%
Töv
60%
Khovd
60%
Dornod
60%
Ömnögovi
53%
Selenge
47%
Bulgan
47%
Arkhangai
47%
Dundgovi
40%
Govisümber
40%
Khentii
40%
Dornogovi
40%
Sükhbaatar
40%
Darkhan-Uul
33%
Khövsgöl
33%
Orkhon
33%
Övörkhangai
33%
Bayankhongor
27%
Bayan-Ölgii
27%
Zavkhan
27%

Score Distribution

Percentile by Number Answered

Percent of People with Each Score

Your Score History

You have not taken this quiz